| 000 | 00458nam a22001937a 4500 | ||
|---|---|---|---|
| 003 | MPLRDC | ||
| 005 | 20220104143551.0 | ||
| 008 | 210129b ||||| |||| 00| 0 eng d | ||
| 020 | _a962-257-199-9 | ||
| 082 | _a848.3 ZJM-8 c.2 | ||
| 100 | _a张君默著 | ||
| 245 |
_a宝图 _c |
||
| 250 | _a初版 | ||
| 260 |
_a _b天地图书有限公司 _c1987 |
||
| 300 | _b平 | ||
| 490 | _a异象系列 | ||
| 650 | _a现代别集 | ||
| 942 |
_cBK _o848.3 ZJM-8 c.2 |
||
| 999 |
_c41166 _d41156 |
||